<?xml version="1.0" encoding="UTF-8"?>
<marc:record xmlns:marc="http://www.loc.gov/MARC21/slim">
   <marc:leader>00000nam a2200000 a 4500</marc:leader>
   <marc:datafield ind1="1" ind2=" " tag="100">
      <marc:subfield code="a">Gebauer-Sesterhenn, Birgit</marc:subfield>
      <marc:subfield code="4">aut</marc:subfield>
      <marc:subfield code="e">Verfasser/-in</marc:subfield>
   </marc:datafield>
   <marc:datafield ind1="1" ind2=" " tag="100">
      <marc:subfield code="a">Pulkkinen, Anne</marc:subfield>
      <marc:subfield code="4">aut</marc:subfield>
      <marc:subfield code="e">Verfasser/-in</marc:subfield>
   </marc:datafield>
   <marc:datafield ind1="1" ind2=" " tag="100">
      <marc:subfield code="a">Edelmann, Katrin</marc:subfield>
      <marc:subfield code="4">aut</marc:subfield>
      <marc:subfield code="e">Verfasser/-in</marc:subfield>
   </marc:datafield>
   <marc:datafield ind1=" " ind2=" " tag="653">
      <marc:subfield code="a">Ratgeber</marc:subfield>
   </marc:datafield>
   <marc:datafield ind1=" " ind2=" " tag="653">
      <marc:subfield code="a">Kind</marc:subfield>
   </marc:datafield>
   <marc:datafield ind1=" " ind2=" " tag="653">
      <marc:subfield code="a">Entwicklung</marc:subfield>
   </marc:datafield>
   <marc:datafield ind1=" " ind2=" " tag="653">
      <marc:subfield code="a">Gesundheit</marc:subfield>
   </marc:datafield>
   <marc:datafield ind1=" " ind2=" " tag="653">
      <marc:subfield code="a">Erziehung</marc:subfield>
   </marc:datafield>
   <marc:datafield ind1="0" ind2="0" tag="245">
      <marc:subfield code="a">Die ersten 3 Jahre meines Kindes</marc:subfield>
   </marc:datafield>
   <marc:datafield ind1="0" ind2="0" tag="245">
      <marc:subfield code="b">[das umfassende Standardwerk zu Entwicklung, Gesundheit und Erziehung]</marc:subfield>
   </marc:datafield>
   <marc:datafield ind1="0" ind2="0" tag="245">
      <marc:subfield code="c">Gebauer-Sesterhenn, Birgit</marc:subfield>
   </marc:datafield>
   <marc:datafield ind1=" " ind2="1" tag="264">
      <marc:subfield code="a">München</marc:subfield>
      <marc:subfield code="b">Gräfe und Unzer</marc:subfield>
      <marc:subfield code="c">2013</marc:subfield>
   </marc:datafield>
   <marc:datafield ind1=" " ind2=" " tag="250">
      <marc:subfield code="a">3. Aufl.</marc:subfield>
   </marc:datafield>
   <marc:datafield ind1="1" ind2=" " tag="520">
      <marc:subfield code="a">Angaben aus der Verlagsmeldung &#xD;
&#xD;
 &#xD;
&#xD;
  Die ersten drei Jahre meines Kindes : Das umfassende Standardwerk zu Entwicklung, Gesundheit und Erziehung / von Birgit Gebauer-Sesterhenn, Anne Pulkkinen, Katrin Edelmann &#xD;
&#xD;
 &#xD;
In Riesenschritten entwickelt sich das Baby vom Säugling zum Kleinkind. Für Eltern steht in dieser bewegenden Zeit stets ein Anliegen im Mittelpunkt: Geht es meinem Kleinen gut, entwickelt es sich altersgemäß? Dieses Buch begleitet Eltern bis zum 3. Geburtstag des Kindes. Er geht auf alle Entwicklungen in dieser Zeitspanne ein, unter anderem hinsichtlich Körper und Psyche, Sprache, Schlafen, sozialen Kontakten, Verhalten und Erziehung. Eltern erhalten auf alle wichtigen Fragen im Alltag praktische Antworten. Der Ratgeber -Die ersten drei Jahre meines Kindes- erklärt zum Beispiel, wie die motorische oder sprachliche Entwicklung des Babys verläuft und wie Eltern sie spielerisch fördern können. Oder wie ihr Kind es leicht schafft, von selbst trocken zu werden, ob der Schnuller Fluch oder Segen ist, wie man ein Kind in der Trotzphase erzieherisch am besten begleitet oder wie man ein Dreijähriges optimal auf den Kindergarten vorbereiten kann.</marc:subfield>
   </marc:datafield>
   <marc:datafield ind1=" " ind2=" " tag="020">
      <marc:subfield code="a">9783833822162</marc:subfield>
      <marc:subfield code="9">9783833822162</marc:subfield>
   </marc:datafield>
   <marc:datafield ind1=" " ind2=" " tag="020">
      <marc:subfield code="a">3833822163</marc:subfield>
      <marc:subfield code="9">3833822163</marc:subfield>
   </marc:datafield>
   <marc:datafield ind1=" " ind2=" " tag="041">
      <marc:subfield code="a">ger</marc:subfield>
   </marc:datafield>
   <marc:datafield ind1=" " ind2=" " tag="300">
      <marc:subfield code="b">Ill., graph. Darst.</marc:subfield>
   </marc:datafield>
   <marc:datafield ind1=" " ind2=" " tag="338">
      <marc:subfield code="a">Band</marc:subfield>
   </marc:datafield>
   <marc:datafield ind1=" " ind2=" " tag="300">
      <marc:subfield code="a">416 S.</marc:subfield>
   </marc:datafield>
</marc:record>
